UM Logo

Training in motion : (Record no. 7072)

MARC details
000 -LEADER
fixed length control field 01085nam a2200205 4500
008 - FIXED-LENGTH DATA ELEMENTS--GENERAL INFORMATION
fixed length control field 170725b xxu||||| |||| 00| 0 eng d
020 ## - INTERNATIONAL STANDARD BOOK NUMBER
International Standard Book Number 978-0-8144-3494-9 (pbk.)
082 ## - DEWEY DECIMAL CLASSIFICATION NUMBER
Edition number 2015
Classification number DC 153.153
Item number K952
100 ## - MAIN ENTRY--PERSONAL NAME
9 (RLIN) 21396
Personal name Kuczala, Mike
245 ## - TITLE STATEMENT
Title Training in motion :
Remainder of title how to use movement to create engaging and effective learning /
Statement of responsibility, etc. Mike Kuczala
260 ## - PUBLICATION, DISTRIBUTION, ETC. (IMPRINT)
Place of publication, distribution, etc. New York :
Name of publisher, distributor, etc. AMACOM, American Management Association,
Date of publication, distribution, etc. ©2015.
300 ## - PHYSICAL DESCRIPTION
Extent xvii, 204 pages :
Other physical details illustrations ;
Dimensions 24 cm.
500 ## - GENERAL NOTE
General note Includes bibliographical references and index.
505 ## - FORMATTED CONTENTS NOTE
Formatted contents note Connecting movement to a learning brain -- Training with the brain in mind -- Applying the benefits of movement -- Brain-break activities -- Team-building activities -- Content-review activities -- The kinesthetic presenter -- Why movement is a powerful learning tool -- The kinesthetic presenter -- Why movement is a powerful learning tool
650 #0 - SUBJECT ADDED ENTRY--TOPICAL TERM
9 (RLIN) 21397
Topical term or geographic name as entry element Movement, Psychology of
650 #0 - SUBJECT ADDED ENTRY--TOPICAL TERM
9 (RLIN) 21398
Topical term or geographic name as entry element Brain stimulation
650 #0 - SUBJECT ADDED ENTRY--TOPICAL TERM
9 (RLIN) 21399
Topical term or geographic name as entry element Movement education
365 ## - TRADE PRICE
Price amount 2,095.00
Currency code Php
942 ## - ADDED ENTRY ELEMENTS (KOHA)
Source of classification or shelving scheme Dewey Decimal Classification
Koha item type Circulation
Holdings
Withdrawn status Lost status Source of classification or shelving scheme Damaged status Not for loan Collection code Home library Current library Date acquired Source of acquisition Cost, normal purchase price Total Checkouts Full call number Barcode Date last seen Copy number Price effective from Koha item type
    Dewey Decimal Classification     Circulation UM Digos College - LIC UM Digos College - LIC 07/17/2017 Purchased 2095.00   DC 153.153 K952 2015 24711 05/15/2025 1 07/25/2017 Circulation